BIBLIOTHÈQUE DE LA MAISON DU MEXIQUE

Logo 1 Logo 2

Notas de un viaje extemporáneo (notice nᵒ 3297)

détails MARC
000 -Sello discográfico
campo de control de longitud fija 01071nam a2200289 4500
005 - Identificación de versión
campo de control 20251016083517.0
035 ## - Otros números de control del sistema
Número de control del sistema 13161
099 ## - fechas locales
Tipo de ítem Koha LIBRO
100 ## - Datos de procesamiento general
Datos de procesamiento general 19980507d1952 m y1spay5003 ba
105 ## - Campo de datos codificados: Material textual, monográfico
Datos codificados de monografía y 001zy
200 1# - Título y mención de responsabilidad
Título propio Notas de un viaje extemporáneo
Designación general del material texto impreso
Primer mención de responsabilidad Genaro Fernández Mac Gregor
210 ## - Publicación, distribución, etc.
Lugar de publicación, distribución, etc. México
Nombre del editor, distribuidor, etc. Editorial Stylo
Fecha de publicación, distribución, etc. 1952
215 ## - Descripción física
Designación de material específico y extensión del ítem 567 p
Dimensiones 19 cm
327 ## - Nota de contenidos
Texto de la nota España : descubro a europa. En la Academia Española. El Escorial, símbolo de España. Las diversiones de España. Aranjuez. El palacio de Oriente. De los museos en general, y del Del Prado en particular ...
345 ## - Nota de información de adquisición
Fuente de adquisición/dirección de la suscripción [OBSOLETO] Donación
410 #1 - Series
Título Colección Stylo de Escritores Mexicanos Antiguos y Modernos
607 ## - Nombre geográfico utilizado como tema
Elemento de entrada Europa
Subdivisión temática Descripción y viajes
Número Koha 6911
660 ## - Código de área geográfica
Código MX
700 ## - Nombre personal - Responsabilidad primaria
Elemento de entrada Fernández MacGregor
Parte del nombre distinta del elemento de entrada Genaro
Fechas 1883-1959
Número Koha 6909
801 #0 - Fuente de origen
Agencia cm
900 ## -
-- 1/17054
900 ## -
-- 710988658\\070598
942 ## - ELEMENTOS DE ENTRADA SECUNDARIOS (KOHA)
Tipo de ítem Koha Livre
996 ## -
-- MEX
-- 751145101
-- MMAG
-- 011822
-- 860.82 S938 V.32
-- 20241204LIV
Exemplaires
Estatus retirado Estado de daño Estado de pérdida Fecha de adquisición Biblioteca de origen Biblioteca actual Ubicación en estantería Código de barras Precio de reemplazo Signatura topográfica completa No para préstamo Tipo de ítem Koha Nota pública Nota no pública
      05/08/2025 Casa México Paris Casa México Paris   011822 05/08/2025 860.82 S938 V.32   Livre 20241204LIV 751145101